[Event "Helsinki EtVaS"]
[Site "Helsinki"]
[Date "2023.09.09"]
[Round "3"]
[White "Agopov, Mikael"]
[Black "Kiik, Kalle"]
[Result "1-0"]
[WhiteElo "2451"]
[BlackElo "2338"]
[PlyCount "77"]
[EventDate "2023.09.08"]
[EventType "tourn"]
[EventRounds "5"]
[EventCountry "FIN"]
[EventCategory "3"]
[SourceTitle "EXT 2024"]
[Source "ChessBase"]
[SourceDate "2023.10.10"]
[SourceVersion "1"]
[SourceVersionDate "2023.10.10"]
[SourceQuality "1"]

1. e4 e5 2. Nf3 Nc6 3. Bb5 f5 4. Nc3 fxe4 5. Nxe4 Nf6 6. Nxf6+ Qxf6 7. Qe2 Be7 8. Bxc6 bxc6 9. d4 Qg6 10. dxe5 0-0 11. 0-0 c5 12. Qd3 Qe6 13. Rd1 Bb7 14. Qb3 Rab8 15. Qxe6+ dxe6 16. Rd7 Bd8 17. Be3 Bc6 18. Rd2 Be7 19. c4 Rf5 20. b3 a5 21. Ne1 Rxe5 22. Nd3 Rf5 23. g4 Rff8 24. Bxc5 Bd6 25. Bxd6 cxd6 26. f4 a4 27. bxa4 Ra8 28. Re1 Rxa4 29. Rxe6 Rxc4 30. Rxd6 Ba8 31. h3 Re4 32. f5 h5 33. Nc5 Re1+ 34. Kf2 Re7 35. Rd7 Re5 36. Rc7 Rd5 37. Re2 hxg4 38. hxg4 Rd4 39. Ne6 1-0

[Event "FIN-ch"]
[Site "Helsinki"]
[Date "2023.04.11"]
[Round "5"]
[White "Wartiovaara, Oliver"]
[Black "Agopov, Mikael"]
[Result "0-1"]
[WhiteElo "2264"]
[BlackElo "2450"]
[PlyCount "70"]
[EventDate "2023.04.07"]
[EventType "swiss"]
[EventRounds "9"]
[EventCountry "FIN"]
[SourceTitle "CBM 213 Extra"]
[Source "ChessBase"]
[SourceDate "2023.05.31"]
[SourceVersion "1"]
[SourceVersionDate "2023.05.31"]
[SourceQuality "1"]

1. e4 c5 2. c3 Nf6 3. e5 Nd5 4. Nf3 Nc6 5. Bc4 Nb6 6. Bb3 c4 7. Bc2 d5 8. exd6 Qxd6 9. 0-0 Bg4 10. Re1 g6 11. Qe2 Bg7 12. Na3 Ne5 13. Nb5 Qc5 14. Nbd4 Rd8 15. h3 Bxf3 16. Nxf3 Nd3 17. Bxd3 cxd3 18. Qe4 Nd5 19. Ne5 Bxe5 20. Qxe5 0-0 21. b3 f6 22. Qe6+ Rf7 23. Bb2 Nf4 24. Qe4 e5 25. Re3 Re7 26. a4 f5 27. Ba3 Qc7 28. Qc4+ Qxc4 29. bxc4 Re6 30. Rb1 Rd7 31. Kf1 Kf7 32. Rb5 e4 33. g4 Kf6 34. Bc5 a6 35. Rb6 Ne2 0-1

[Event "Bundesliga 2223"]
[Site "Germany"]
[Date "2023.03.19"]
[Round "11.6"]
[White "Indjic, Aleksandar"]
[Black "Agopov, Mikael"]
[Result "1/2-1/2"]
[WhiteElo "2630"]
[BlackElo "2464"]
[PlyCount "110"]
[EventDate "2022.10.21"]
[EventType "team-tourn"]
[EventRounds "15"]
[EventCountry "GER"]
[SourceTitle "CBM 213 Extra"]
[Source "ChessBase"]
[SourceDate "2023.05.31"]
[SourceVersion "1"]
[SourceVersionDate "2023.05.31"]
[SourceQuality "1"]
[WhiteTeam "Muenchen 36"]
[BlackTeam "Berlin SF"]
[WhiteTeamCountry "GER"]
[BlackTeamCountry "GER"]

1. d4 Nf6 2. c4 g6 3. Nc3 d5 4. Nf3 Bg7 5. Qb3 dxc4 6. Qxc4 0-0 7. e4 Nc6 8. Be3 Ng4 9. e5 Be6 10. Qc5 a5 11. a3 a4 12. Nb5 Nxe3 13. fxe3 Bh6 14. Kf2 f6 15. Bc4 Bxc4 16. Qxc4+ e6 17. exf6 Rxf6 18. Rhe1 Qe7 19. Kg1 Raf8 20. Re2 g5 21. Nd2 Qf7 22. g4 Bg7 23. Nc3 Rf2 24. Rae1 Nxd4 25. exd4 Qf4 26. Qxe6+ Kh8 27. Rxf2 Qxf2+ 28. Kh1 Qxd2 29. Qe2 Qxd4 30. Rd1 Qb6 31. Rd3 Qc6+ 32. Kg1 b5 33. Nd1 Re8 34. Qd2 Qe4 35. Nf2 Qe1+ 36. Kg2 Qxd2 37. Rxd2 c5 38. Kf3 Bd4 39. Ne4 Rf8+ 40. Kg3 h6 41. Nd6 Be3 42. Rd5 Rb8 43. Rd1 Kg8 44. Nf5 Bf4+ 45. Kf3 b4 46. h4 b3 47. Nxh6+ Kf8 48. Rf1 Ke7 49. Ke4 Ke6 50. Nf7 Kxf7 51. hxg5 Re8+ 52. Kd5 Re5+ 53. Kc4 Re4+ 54. Kd5 Re5+ 55. Kc4 Re4+ 1/2-1/2

[Event "FIN-chT 2223"]
[Site "Finland"]
[Date "2023.01.14"]
[Round "7.2"]
[White "Nivala, Tuomas"]
[Black "Agopov, Mikael"]
[Result "0-1"]
[WhiteElo "2222"]
[BlackElo "2464"]
[PlyCount "80"]
[EventDate "2022.09.24"]
[EventType "team-tourn"]
[EventRounds "11"]
[EventCountry "FIN"]
[SourceTitle "EXT 2024"]
[Source "ChessBase"]
[SourceDate "2023.10.10"]
[SourceVersion "1"]
[SourceVersionDate "2023.10.10"]
[SourceQuality "1"]
[WhiteTeam "Jyvaskyla JyS"]
[BlackTeam "Helsinki Ninja"]
[WhiteTeamCountry "FIN"]
[BlackTeamCountry "FIN"]

1. e4 c5 2. Be2 Nc6 3. f4 d5 4. d3 e6 5. Nf3 Bd6 6. 0-0 Nge7 7. c4 b6 8. Nc3 d4 9. Nb5 Bb7 10. Nxd6+ Qxd6 11. Ng5 f5 12. e5 Qd7 13. a3 a5 14. Bf3 h6 15. Nh3 a4 16. Bd2 0-0 17. Qe1 Rfb8 18. Nf2 Nd8 19. Nd1 b5 20. Rc1 bxc4 21. dxc4 Ra6 22. h3 Rb6 23. g4 Rb3 24. Qe2 Rxf3 25. Rxf3 Qc6 26. Rf1 Qh1+ 27. Kf2 Qxh3 28. Rg1 Be4 29. Ke1 Rb3 30. gxf5 exf5 31. Ba5 Ne6 32. Qf1 Qh4+ 33. Qf2 Qxf4 34. Qxf4 Nxf4 35. Bd8 Nc6 36. Bf6 Ng2+ 37. Kf2 gxf6 38. exf6 Ne5 39. Rxg2+ Bxg2 40. Kxg2 Nd3 0-1

[Event "FIN-chT 2223"]
[Site "Finland"]
[Date "2022.10.16"]
[Round "4.2"]
[White "Agopov, Mikael"]
[Black "Nokka, Risto"]
[Result "1-0"]
[WhiteElo "2464"]
[BlackElo "2199"]
[PlyCount "83"]
[EventDate "2022.09.24"]
[EventType "team-tourn"]
[EventRounds "11"]
[EventCountry "FIN"]
[SourceTitle "EXT 2024"]
[Source "ChessBase"]
[SourceDate "2023.10.10"]
[SourceVersion "1"]
[SourceVersionDate "2023.10.10"]
[SourceQuality "1"]
[WhiteTeam "Helsinki Ninja"]
[BlackTeam "Joensuu SK"]
[WhiteTeamCountry "FIN"]
[BlackTeamCountry "FIN"]

1. e4 e5 2. Nf3 Nc6 3. Bb5 a6 4. Ba4 Nf6 5. 0-0 Be7 6. Re1 b5 7. Bb3 0-0 8. c3 d5 9. exd5 Nxd5 10. Nxe5 Nxe5 11. Rxe5 c6 12. d3 Bd6 13. Re1 Qh4 14. g3 Qh3 15. Re4 Bd7 16. Nd2 Rae8 17. a4 Nf6 18. axb5 axb5 19. Rh4 Qf5 20. Ne4 Be7 21. Rf4 Qg6 22. Nxf6+ Bxf6 23. Be3 Be5 24. Re4 Bf5 25. Bc5 Bxe4 26. Bxf8 Bxd3 27. Bc5 Bb8 28. Qf3 Bc4 29. Bxc4 bxc4 30. Ra8 Qe6 31. Ra6 Rc8 32. Bd4 f6 33. Kg2 Be5 34. Bxe5 fxe5 35. Ra5 e4 36. Qe3 h6 37. Qd4 Rf8 38. Re5 Qf7 39. Rxe4 Qf3+ 40. Kg1 Kh8 41. Qe3 Qd1+ 42. Qe1 1-0

[Event "FIN-chT 2223"]
[Site "Finland"]
[Date "2022.10.15"]
[Round "3.2"]
[White "Agopov, Mikael"]
[Black "Volodin, Aleksandr"]
[Result "0-1"]
[WhiteElo "2464"]
[BlackElo "2429"]
[PlyCount "104"]
[EventDate "2022.09.24"]
[EventType "team-tourn"]
[EventRounds "11"]
[EventCountry "FIN"]
[SourceTitle "EXT 2024"]
[Source "ChessBase"]
[SourceDate "2023.10.10"]
[SourceVersion "1"]
[SourceVersionDate "2023.10.10"]
[SourceQuality "1"]
[WhiteTeam "Helsinki Ninja"]
[BlackTeam "Tampere Tammer"]
[WhiteTeamCountry "FIN"]
[BlackTeamCountry "FIN"]

1. e4 c5 2. Nf3 d6 3. d4 cxd4 4. Nxd4 Nf6 5. Nc3 a6 6. Be3 e5 7. Nb3 Be7 8. f3 Be6 9. Qd2 0-0 10. 0-0-0 Nbd7 11. g4 b5 12. g5 Nh5 13. Nd5 Bxd5 14. exd5 f6 15. Na5 fxg5 16. Nc6 Qe8 17. Nxe7+ Qxe7 18. Bxg5 Qe8 19. Bd3 Nc5 20. Be4 Nf4 21. Rhg1 Ra7 22. Kb1 Raf7 23. a3 Qc8 24. Rg3 Kh8 25. Qb4 Qc7 26. Bxf4 Rxf4 27. Rdg1 R8f7 28. Qe1 a5 29. Rh3 Nxe4 30. fxe4 h6 31. Rc3 Qb8 32. Rb3 Qb6 33. Ka2 Rf2 34. Qc3 a4 35. Rb4 Rxh2 36. Qc8+ Kh7 37. Qe6 Qxg1 38. Qxf7 Rf2 39. Qd7 Rf1 40. b3 axb3+ 41. Kxb3 Rb1+ 42. Ka2 Ra1+ 43. Kb3 Qb1+ 44. Kc3 Rxa3+ 45. Rb3 Qe1+ 46. Kd3 Qg3+ 47. Ke2 Qg2+ 48. Ke3 Qg5+ 49. Kd3 Ra4 50. Qxb5 Qg3+ 51. Kd2 Qf2+ 52. Kc3 Qd4# 0-1

[Event "Heart of Finland op 30th"]
[Site "Jyvaskyla"]
[Date "2022.07.24"]
[Round "9"]
[White "Agopov, Mikael"]
[Black "Rasanen, Otto"]
[Result "1-0"]
[WhiteElo "2455"]
[BlackElo "1965"]
[PlyCount "81"]
[EventDate "2022.07.18"]
[EventType "swiss"]
[EventRounds "9"]
[EventCountry "FIN"]
[SourceTitle "CBM 209 Extra"]
[Source "ChessBase"]
[SourceDate "2022.09.30"]
[SourceVersion "1"]
[SourceVersionDate "2022.09.30"]
[SourceQuality "1"]

1. e4 e5 2. Nf3 Nc6 3. Bb5 a6 4. Ba4 Nf6 5. 0-0 Be7 6. d3 b5 7. Bb3 0-0 8. Nc3 d6 9. a3 Na5 10. Ba2 Be6 11. Bxe6 fxe6 12. b4 Nc6 13. Bd2 d5 14. Re1 Qd6 15. Qe2 d4 16. Na2 a5 17. Reb1 axb4 18. Nxb4 Na7 19. c3 Nd7 20. cxd4 exd4 21. e5 Qb6 22. Qe4 Rad8 23. Bg5 Bxg5 24. Nxg5 g6 25. Qh4 h5 26. f4 Rde8 27. Rf1 Re7 28. h3 c5 29. Nc2 c4 30. g4 Nc5 31. Nb4 Nc6 32. gxh5 gxh5 33. f5 exf5 34. Nd5 Qd8 35. Nf6+ Rxf6 36. exf6 Re3 37. f7+ Kg7 38. Rxf5 Nd7 39. Qxh5 Nf8 40. Qg4 Kh8 41. Ne6 1-0

[Event "FIN-ch"]
[Site "Helsinki"]
[Date "2022.04.19"]
[Round "5"]
[White "Agopov, Mikael"]
[Black "Ronka, Erik"]
[Result "1/2-1/2"]
[WhiteElo "2444"]
[BlackElo "2325"]
[PlyCount "107"]
[EventDate "2022.04.15"]
[EventType "tourn"]
[EventRounds "9"]
[EventCountry "FIN"]
[EventCategory "3"]
[SourceTitle "CBM 207 Extra"]
[Source "ChessBase"]
[SourceDate "2022.05.31"]
[SourceVersion "1"]
[SourceVersionDate "2022.05.31"]
[SourceQuality "1"]

1. e4 c5 2. Nf3 e6 3. d4 cxd4 4. Nxd4 Nf6 5. Nc3 d6 6. Be3 a6 7. f3 b5 8. Qd2 Nbd7 9. g4 h6 10. 0-0-0 b4 11. Nce2 Qc7 12. h4 d5 13. Bf4 Bd6 14. Bxd6 Qxd6 15. Bh3 dxe4 16. g5 e3 17. Qxe3 Nd5 18. Qg1 hxg5 19. hxg5 Nf8 20. f4 g6 21. Nb3 a5 22. Nc5 Ba6 23. Nxa6 Qxa6 24. Bg2 Rxh1 25. Bxh1 Rd8 26. Bf3 Qc4 27. b3 Qc7 28. Qd4 Rc8 29. Rd2 Nc3 30. a4 bxa3 31. Nxc3 Qxc3 32. Qa4+ Ke7 33. Qxa3+ Qc5 34. Qa4 Rc7 35. Qe4 Rd7 36. Rxd7+ Nxd7 37. Kb2 Kd6 38. Qd3+ Ke7 39. Qc3 Kd6 40. Qd3+ Ke7 41. Qd2 e5 42. Bg4 f5 43. gxf6+ Nxf6 44. Be2 exf4 45. Qxf4 g5 46. Qf3 Qe5+ 47. c3 Kd6 48. Qd3+ Kc7 49. Qc4+ Kd6 50. Qa6+ Ke7 51. Qb7+ Kd8 52. Qa8+ Ke7 53. Qb7+ Kd8 54. Qa8+ 1/2-1/2

[Event "FIN-chT 2022"]
[Site "Finland"]
[Date "2022.04.10"]
[Round "2.1"]
[White "Agopov, Mikael"]
[Black "Wartiovaara, Oliver"]
[Result "1-0"]
[WhiteElo "2445"]
[BlackElo "2138"]
[PlyCount "57"]
[EventDate "2020.09.12"]
[EventType "team-tourn"]
[EventRounds "11"]
[EventCountry "FIN"]
[SourceTitle "EXT 2023"]
[Source "ChessBase"]
[SourceDate "2022.10.05"]
[SourceVersion "1"]
[SourceVersionDate "2022.10.05"]
[SourceQuality "1"]
[WhiteTeam "Helsinki Ninja"]
[BlackTeam "Espoo MatSK II"]
[WhiteTeamCountry "FIN"]
[BlackTeamCountry "FIN"]

1. e4 c5 2. Nf3 d6 3. d4 cxd4 4. Nxd4 Nf6 5. Nc3 a6 6. Nb3 e6 7. g4 d5 8. exd5 Nxd5 9. Bg2 Nxc3 10. Qxd8+ Kxd8 11. bxc3 e5 12. Na5 Kc7 13. Rb1 Nd7 14. 0-0 Rb8 15. Rd1 Nc5 16. Be3 Bxg4 17. Rd5 b6 18. Nc6 Re8 19. Nxe5 Be6 20. Nc4 Bxd5 21. Bf4+ Kb7 22. Bxd5+ Ka7 23. Nxb6 Rd8 24. c4 Be7 25. a4 a5 26. Rb5 Rb8 27. Bc7 Na6 28. Bxb8+ Nxb8 29. Na8 1-0

[Event "EU-chT 23rd"]
[Site "Terme Catez"]
[Date "2021.11.18"]
[Round "6.1"]
[White "Indjic, Aleksandar"]
[Black "Agopov, Mikael"]
[Result "1-0"]
[WhiteElo "2612"]
[BlackElo "2430"]
[PlyCount "79"]
[EventDate "2021.11.12"]
[EventType "team-swiss"]
[EventRounds "9"]
[EventCountry "SLO"]
[SourceTitle "CBM 205"]
[Source "ChessBase"]
[SourceDate "2021.12.31"]
[SourceVersion "1"]
[SourceVersionDate "2021.12.31"]
[SourceQuality "1"]
[WhiteTeam "Serbia"]
[BlackTeam "Finland"]
[WhiteTeamCountry "SRB"]
[BlackTeamCountry "FIN"]

1. d4 Nf6 2. c4 e6 3. Nf3 b6 4. a3 Ba6 5. Qc2 Bb7 6. Nc3 c5 7. e4 cxd4 8. Nxd4 Bc5 9. Nf3 Nc6 10. b4 Bd6 11. Bb2 a5 12. Nb5 Bb8 13. e5 Ng4 14. Nd6+ Bxd6 15. exd6 f6 16. b5 Nce5 17. Be2 Nxf3+ 18. gxf3 Ne5 19. Rg1 0-0 20. Rg3 Rc8 21. 0-0-0 Rc5 22. Rdg1 Rf7 23. Bd4 Qc8 24. f4 Ng6 25. Rh3 Rf5 26. Be3 Qb8 27. Rd1 Bg2 28. Rg3 Ba8 29. Bd3 Rh5 30. Bxg6 hxg6 31. h3 Rh4 32. Kb2 Qc8 33. Rdg1 g5 34. Rg4 Rxg4 35. hxg4 Qb8 36. fxg5 Qxd6 37. g6 Rf8 38. f4 Rc8 39. Rd1 Bd5 40. Qd3 1-0

[Event "EU-chT 23rd"]
[Site "Terme Catez"]
[Date "2021.11.16"]
[Round "5.1"]
[White "Moroni, Luca Jr"]
[Black "Agopov, Mikael"]
[Result "1-0"]
[WhiteElo "2580"]
[BlackElo "2430"]
[PlyCount "103"]
[EventDate "2021.11.12"]
[EventType "team-swiss"]
[EventRounds "9"]
[EventCountry "SLO"]
[SourceTitle "CBM 205"]
[Source "ChessBase"]
[SourceDate "2021.12.31"]
[SourceVersion "1"]
[SourceVersionDate "2021.12.31"]
[SourceQuality "1"]
[WhiteTeam "Italy"]
[BlackTeam "Finland"]
[WhiteTeamCountry "ITA"]
[BlackTeamCountry "FIN"]

1. c4 c5 2. Nf3 Nc6 3. d4 cxd4 4. Nxd4 Nf6 5. Nc3 e6 6. e4 Bb4 7. Nxc6 bxc6 8. Bd3 e5 9. 0-0 0-0 10. h3 Re8 11. Qc2 Bc5 12. Re1 d6 13. Be3 Bd4 14. Bxd4 exd4 15. Ne2 c5 16. Ng3 Bb7 17. f4 Qc7 18. Qf2 Re6 19. Re2 Rae8 20. Rae1 Bc6 21. b4 cxb4 22. Qxd4 Nd7 23. Nf5 f6 24. c5 dxc5 25. Qf2 Kf8 26. e5 Bd5 27. Qh4 fxe5 28. Nxg7 c4 29. Nxe6+ Rxe6 30. Bf5 e4 31. Bxe6 Qb6+ 32. Kh2 Qxe6 33. Qxh7 Nc5 34. Qc7 Nd3 35. Qb8+ Ke7 36. Qxa7+ Kd6 37. Rb1 Bc6 38. Qb8+ Kc5 39. Reb2 Nxb2 40. Rxb2 b3 41. axb3 c3 42. Qa7+ Kb5 43. Ra2 Qxb3 44. Ra5+ Kc4 45. Qc5+ Kd3 46. Qxc6 e3 47. Rd5+ Ke2 48. Rb5 Qa4 49. Qf3+ Kd3 50. Rd5+ Kc4 51. Qe4+ Kb3 52. Qxe3 1-0

[Event "EU-chT 23rd"]
[Site "Terme Catez"]
[Date "2021.11.13"]
[Round "2.17"]
[White "Gretarsson, Hjorvar Steinn"]
[Black "Agopov, Mikael"]
[Result "0-1"]
[WhiteElo "2574"]
[BlackElo "2430"]
[PlyCount "72"]
[EventDate "2021.11.12"]
[EventType "team-swiss"]
[EventRounds "9"]
[EventCountry "SLO"]
[SourceTitle "CBM 205"]
[Source "ChessBase"]
[SourceDate "2021.12.31"]
[SourceVersion "1"]
[SourceVersionDate "2021.12.31"]
[SourceQuality "1"]
[WhiteTeam "Iceland"]
[BlackTeam "Finland"]
[WhiteTeamCountry "ISL"]
[BlackTeamCountry "FIN"]

1. b3 Nf6 2. Bb2 c5 3. Nf3 g6 4. c4 Bg7 5. g3 d6 6. Bg2 Nc6 7. d4 Ne4 8. 0-0 0-0 9. e3 Bg4 10. Qd3 Bxf3 11. Bxf3 Ng5 12. Bxc6 bxc6 13. f4 Ne6 14. Nd2 cxd4 15. exd4 c5 16. Nf3 d5 17. Ne5 dxc4 18. Qxc4 cxd4 19. Nxf7 Kxf7 20. f5 gxf5 21. Rxf5+ Bf6 22. Re1 Qb6 23. Rb5 Qa6 24. a4 Rfb8 25. Qd5 Rxb5 26. axb5 Qc8 27. Ba3 Rb8 28. Re4 Rb6 29. Qf5 d3 30. Rg4 Qc3 31. Qh5+ Kf8 32. Qh6+ Bg7 33. Qxh7 Qe1+ 34. Kg2 Qe2+ 35. Kh3 Qf1+ 36. Kh4 Bf6+ 0-1

[Event "EU-chT 23rd"]
[Site "Terme Catez"]
[Date "2021.11.12"]
[Round "1.16"]
[White "Lupulescu, Constantin"]
[Black "Agopov, Mikael"]
[Result "1/2-1/2"]
[WhiteElo "2624"]
[BlackElo "2430"]
[PlyCount "66"]
[EventDate "2021.11.12"]
[EventType "team-swiss"]
[EventRounds "9"]
[EventCountry "SLO"]
[SourceTitle "CBM 205"]
[Source "ChessBase"]
[SourceDate "2021.12.31"]
[SourceVersion "1"]
[SourceVersionDate "2021.12.31"]
[SourceQuality "1"]
[WhiteTeam "Romania"]
[BlackTeam "Finland"]
[WhiteTeamCountry "ROU"]
[BlackTeamCountry "FIN"]

1. e4 c5 2. f4 d5 3. Bb5+ Bd7 4. Bxd7+ Qxd7 5. d3 Nc6 6. Nf3 e6 7. 0-0 Bd6 8. Qe2 Nge7 9. Be3 d4 10. Bc1 f5 11. Na3 0-0 12. Nc4 Bc7 13. a4 Rae8 14. Bd2 Ng6 15. e5 Nge7 16. Rfb1 Rb8 17. c3 Rfd8 18. cxd4 Nxd4 19. Nxd4 Qxd4+ 20. Be3 Qd5 21. Ra3 Nc6 22. Rc1 b6 23. Nd2 Rd7 24. Nf3 Bd8 25. Rcc3 Be7 26. Ra1 Rbd8 27. h3 Nb4 28. Rd1 Qb7 29. b3 Qa6 30. Ne1 Nd5 31. Rc4 Nb4 32. Rc3 Nd5 33. Rc4 Nb4 1/2-1/2

[Event "GER-chT Online Liga 1 GpD"]
[Site "Playchess.com INT"]
[Date "2021.02.04"]
[Round "2.1"]
[White "Agopov, Mikael"]
[Black "Sawlin, Leonid"]
[Result "0-1"]
[WhiteElo "2427"]
[BlackElo "2385"]
[PlyCount "100"]
[EventDate "2021.01.18"]
[EventType "team-tourn (rapid)"]
[EventRounds "7"]
[EventCountry "GER"]
[SourceTitle "EXT 2022"]
[Source "ChessBase"]
[SourceDate "2021.10.06"]
[SourceVersion "1"]
[SourceVersionDate "2021.10.06"]
[SourceQuality "1"]
[WhiteTeam "Berlin SF"]
[BlackTeam "Zehlendorf"]
[WhiteTeamCountry "GER"]
[BlackTeamCountry "GER"]

1. e4 e6 2. d4 d5 3. Nc3 Nf6 4. e5 Nfd7 5. f4 c5 6. Nf3 Nc6 7. Be3 Be7 8. Qd2 0-0 9. dxc5 Bxc5 10. 0-0-0 Bxe3 11. Qxe3 f6 12. Bd3 fxe5 13. fxe5 Qe7 14. Rhe1 a6 15. Ne2 Nc5 16. Ned4 Bd7 17. Kb1 Rac8 18. a3 Rb8 19. Qd2 b5 20. Nxc6 Bxc6 21. Nd4 Be8 22. Qb4 Qc7 23. Qc3 Qb6 24. Rf1 Rxf1 25. Rxf1 a5 26. Bxh7+ Kxh7 27. Rf8 Bh5 28. Rxb8 Qxb8 29. Qxc5 Qxe5 30. Nxb5 Bg6 31. Nc7 Qe1+ 32. Ka2 Qe2 33. Kb3 d4 34. Qc4 a4+ 35. Kb4 Qd2+ 36. Kc5 e5 37. Ne6 Kh6 38. c3 Bf7 39. cxd4 Qa5+ 40. Kd6 exd4 41. Qc1+ g5 42. Nxd4 Qd8+ 43. Ke5 Qe7+ 44. Kf5 Bg6+ 45. Kg4 Qe4+ 46. Kg3 Qh4+ 47. Kf3 Bh5+ 48. g4 Qxg4+ 49. Kf2 Qxd4+ 50. Kg2 Bg6 0-1

[Event "FIN-chT 1920"]
[Site "Finland"]
[Date "2020.02.09"]
[Round "8.3"]
[White "Rantanen, Yrjo A"]
[Black "Agopov, Mikael"]
[Result "0-1"]
[WhiteElo "2309"]
[BlackElo "2422"]
[PlyCount "64"]
[EventDate "2019.09.14"]
[EventType "team-tourn"]
[EventRounds "11"]
[EventCountry "FIN"]
[SourceTitle "CBM 195 Extra"]
[Source "ChessBase"]
[SourceDate "2020.05.31"]
[SourceVersion "1"]
[SourceVersionDate "2020.05.31"]
[SourceQuality "1"]
[WhiteTeam "Salo SalSK"]
[BlackTeam "Helsinki Ninja"]
[WhiteTeamCountry "FIN"]
[BlackTeamCountry "FIN"]

1. e4 c5 2. Nf3 d6 3. d4 cxd4 4. Nxd4 Nf6 5. f3 e5 6. Nb5 a6 7. N5c3 Be6 8. Bg5 Be7 9. Bxf6 Bxf6 10. Nd5 Bxd5 11. Qxd5 Nc6 12. Nd2 Rc8 13. Nc4 0-0 14. c3 b5 15. Nxd6 Ne7 16. Qd3 Rc6 17. Rd1 Qb6 18. Nf5 Nxf5 19. exf5 Rd8 20. Qe4 Rcd6 21. Be2 Rxd1+ 22. Bxd1 b4 23. Bb3 bxc3 24. bxc3 Bg5 25. g3 Qc5 26. h4 Qxc3+ 27. Kf1 Rd4 28. Qa8+ Bd8 29. Kg2 e4 30. fxe4 h5 31. Bd5 Rd2+ 32. Kh3 Qf3 0-1